There She Goes- Benson Boone Lyrics - Statistics

General Stats
  • This quiz has been taken 69 times
  • The average score is 238 of 312
Answer Stats
Answer % Correct
I
97%
a
95%
go
95%
i'm
95%
I'm
95%
me
95%
the
95%
you
95%
And
92%
and
92%
my
92%
your
90%
been
87%
bones
87%
Goes
87%
goes
87%
home
87%
it
87%
i've
87%
I've
87%
She
87%
she
87%
There
87%
there
87%
won't
87%
cause
85%
Cause
85%
Come
85%
hold
85%
on
85%
take
85%
to
85%
close
82%
day
82%
every
82%
Every
82%
hear
82%
like
82%
Like
82%
lonely
82%
Lovely
82%
only
82%
that
82%
That
82%
away
79%
gone
79%
had
79%
out
79%
Out
79%
alone
77%
along
77%
ghost
77%
name
77%
never
77%
see
77%
start
77%
when
77%
all
74%
days
74%
feel
74%
in
74%
In
74%
many
74%
same
74%
calling
72%
don't
72%
face
72%
hate
72%
have
72%
is
72%
lie
72%
morning
72%
place
72%
starts
72%
time
72%
too
72%
was
72%
who's
72%
you're
72%
haunt
69%
lost
69%
makes
69%
oh
69%
Oh
69%
or
69%
outer
69%
space
69%
They
69%
they
69%
this
69%
changed
67%
down
67%
it's
67%
ignore
64%
looking
64%
city
59%
around
56%
bars
56%
below
56%
can't
56%
cars
56%
town
56%
recognize
54%
empty
51%
fade
51%
figure
51%
why
51%
without
51%
back
49%
into
49%
mind
49%
crowded
46%
of
46%
rooms
46%
So
46%
these
46%
floating
44%
running
44%
Thinkin
44%
as
41%
awake
41%
bags
38%
off
38%
pack
38%
takin
38%
wishing
38%
bout'
36%
coming
36%
blue
31%
comes
31%
upside
31%
her
28%
whole
28%
clouds
26%
turned
26%
now
23%
stop
21%
world
8%
No matching quizzes found
Score Distribution
Percent of People with Each Score
Percentile by Number Answered
Your Score History
You have not taken this quiz